000 00711nam a2200289Ia 4500
005 20260324134326.0
008 008 260324s9999 xx 000 0 eng d
020 _a9780203954126
037 _aEBOOK
040 _aCRL
040 _beng
040 _cCRL
041 _2eng
041 _aeng
084 _qCRL
100 _aLaurie J. Churchill; Phyllis R. Brown; Jane E. Jeffrey
_91196399
245 0 _aWomen Writing Latin
245 0 _bEarly Modern Women Writing Latin
260 _bTaylor and Francis
260 _c2002
365 _a
365 _b255
856 _uhttp://www.taylorfrancis.com/books/9780203954126
942 _cEBOOK
999 _c1796374
_d1796374